000 00836nam a2200265Ia 4500
003 OSt
005 20220928131212.0
006 a|||||r|||| 00| 0
007 ta
008 220927b |||||||| |||| 00| 0 eng d
020 _cINR 750.00
024 _a144966
037 _b27, 10/03/2021, Shivam Book Service
_cTextual
040 _aSDCL
_cSDCL
_beng
041 _2eng
_aeng
082 _aZ,81, Q8
100 _aSengupta Arghya Ed.
_9477406
245 0 _aAppointment of judges to the supreme court of India
260 _aNew Delhi
_bOxford University Press
_c2018
300 _axxiv,299p.
_ccm.
650 _aPolitical Science
700 _a Sharma Ritwika Ed.
_9477407
942 _hZ,81, Q8
_cTEXL
_2CC
999 _c789905
_d789905